Loading...
| Science - Physics | 0 | 7 | 1 | 1 | 65 | 77 | 101.14 | 0 | 1 | 0.00 | 0.00 |
| Social Science | 0 | 6 | 0 | 1 | 60 | 70 | 95.17 | 2 | 3 | 0.00 | 0.00 |
| Science - Other | 0 | 6 | 2 | 0 | 50 | 52 | 87.17 | 0 | 4 | 0.00 | 0.00 |
| Philosophy | 0 | 3 | 0 | 1 | 30 | 73 | 113.67 | 0 | 1 | 0.00 | 0.00 |
| Science - Biology | 0 | 3 | 0 | 0 | 30 | 84 | 107.00 | 0 | 1 | 0.00 | 0.00 |
| Science - Chemistry | 0 | 3 | 0 | 0 | 30 | 79 | 92.33 | 1 | 1 | 0.00 | 0.00 |
| Fine Arts - Other | 0 | 1 | 0 | 1 | 10 | 131 | 131.00 | 0 | 0 | 0.00 | 0.00 |
| Literature - American | 0 | 1 | 0 | 0 | 10 | 132 | 132.00 | 0 | 0 | 0.00 | 0.00 |
| Fine Arts - Painting and Sculpture | 0 | 1 | 0 | 0 | 10 | 119 | 119.00 | 0 | 0 | 0.00 | 0.00 |
| Literature - British | 0 | 1 | 0 | 0 | 10 | 93 | 93.00 | 0 | 0 | 0.00 | 0.00 |
| Mythology | 0 | 1 | 0 | 0 | 10 | 122 | 122.00 | 0 | 0 | 0.00 | 0.00 |
| Other Academic | 0 | 1 | 0 | 0 | 10 | 14 | 14.00 | 0 | 1 | 0.00 | 0.00 |